Catalog

Record Details

Catalog Search



Available copies

  • 1 of 1 copy available at LARL/NWRL Consortium.

Current holds

0 current holds with 1 total copy.

Show All Copies
Location Call Number / Copy Notes Barcode Shelving Location Status Due Date
Thief River Falls Public Library ya BRA (Text) 35500005997547 Main Available -

Record details

  • ISBN: 9781621840299
  • ISBN: 1621840298
  • Physical Description: 389 pages ; 22 cm.
  • Publisher: Phoenix, AZ : Enclave Publishing, [2014]

Content descriptions

Summary, etc.:
"Parvin Blackwater believes she has wasted her ... Read More
Subject: Dystopias > Juvenile fiction.
Christian fiction.
Christian fiction.
Dystopias
Genre: Young adult fiction.
Fantasy fiction.
Fantasy fiction.
Fiction.
Juvenile works.
Young adult works.
Christian fiction.
LDR 02210cam a2200493Ia 4500
001275279
003LARL_NWRL_CONSORTIUM
00520180104222209.0
008150123s2014 azu d 000 1 eng
040 . ‡aMOS ‡beng ‡cMOS ‡dOCLCO ‡dYDXCP ‡dBTCTA ‡dOCLCF ‡dZHB ‡dOCLCQ ‡dOCLCO ‡dOCL ‡dKAT ‡dAHS ‡dT3H ‡dNRG
019 . ‡a898910318
020 . ‡a9781621840299
020 . ‡a1621840298
035 . ‡a(OCoLC)900635529 ‡z(OCoLC)898910318
08204. ‡a[Fic] ‡223
049 . ‡aNRGA
1001 . ‡aBrandes, Nadine.
24512. ‡aA time to die ‡n#1 / ‡cNadine Brandes.
264 1. ‡aPhoenix, AZ : ‡bEnclave Publishing, ‡c[2014]
264 4. ‡c©2014
300 . ‡a389 pages ; ‡c22 cm.
336 . ‡atext ‡btxt ‡2rdacontent
337 . ‡aunmediated ‡bn ‡2rdamedia
338 . ‡avolume ‡bnc ‡2rdacarrier
4900 . ‡aOut of time ; ‡v1
520 . ‡a"Parvin Blackwater believes she has wasted her life. At only seventeen, she has one year left according to the Clock by her bedside. In a last-ditch effort to make a difference, she tries to rescue Radicals from the government's crooked justice system. But when the authorities find out about her illegal activity, they cast her through the Wall -- her people's death sentence. What she finds on the other side about the world, about eternity, and about herself changes Parvin forever and might just save her people. But her clock is running out."
650 0. ‡aDystopias ‡vJuvenile fiction.
650 0. ‡aChristian fiction. ‡0(LARL_NWRL_CONSORTIUM)16668
650 7. ‡aChristian fiction. ‡2fast ‡0(LARL_NWRL_CONSORTIUM)16668
650 7. ‡2fast ‡aDystopias ‡0(LARL_NWRL_CONSORTIUM)178860
655 0. ‡aYoung adult fiction.
655 7. ‡aFantasy fiction. ‡2lcgft
655 7. ‡aFantasy fiction. ‡2fast
655 7. ‡aFiction. ‡2fast
655 7. ‡aJuvenile works. ‡2fast
655 7. ‡aYoung adult works. ‡2fast
655 7. ‡aChristian fiction. ‡2gsafd
905 . ‡ubacont
901 . ‡a275279 ‡b ‡c275279 ‡tbiblio ‡soclc

Additional Resources